000 00568nam a2200241Ia 4500
005 20260306150430.0
008 008 260114s9999 xx 000 0 eng d
020 _a9783839443071
037 _aEbook
040 _aCRL
040 _beng
040 _cCRL
041 _2eng
041 _aeng
084 _qCRL
245 4 _aThe Transformation of Humanities Education
260 _btranscript Verlag
260 _c2019
650 _aPhilosophy
856 _uhttps://www.degruyter.com/isbn/9783839443071
942 _cEBOOK
999 _c1696627
_d1696627